000
00208 a2200085 4500
999
_c
216370
_d
216370
020
_a
9781597180252
245
_a
Stata Reference Manual
250
_a
Volume 2
260
_b
A Stata Press Publication : Texas
_c
2007